2024 College Basketball AP Poll - Statistics

General Stats
  • This quiz has been taken 55 times
    47 since last reset
  • The average score is 4 of 25
Answer Stats
Rank Answer % Correct
#1 UConn
91%
#2 Purdue
69%
T-3 Alabama
28%
#9 Duke
28%
T-3 Houston
19%
#18 Auburn
16%
#5 Tennessee
16%
#19 Kansas
13%
#7 UNC
13%
#13 Creighton
9%
#15 Gonzaga
9%
#6 Illinois
9%
#8 Iowa State
9%
#12 Marquette
9%
#10 NC State
9%
#11 Arizona
6%
#16 Baylor
6%
#25 Dayton
6%
#20 Kentucky
6%
#17 San Diego State
6%
#24 South Carolina
6%
#14 Clemson
3%
#23 Washington State
3%
#21 St. Mary's CA
0%
#22 Utah State
0%
No matching quizzes found
Score Distribution
Percent of People with Each Score
Percentile by Number Answered
Your Score History
You have not taken this quiz since the last reset